00592nam a2200193Ia 4500003000400000005001700004008004100021040000700062041000800069082001600077100002800093245003600121260004600157300000900203650002200212942001300234999001900247952013200266OSt20260331143558.0250729s2011 xx 000 0 und d cAL akan a372.25 SHAA aDr.A.Shashikala9230753 aAdhunikha shikshanada olavugalu aBangalorebVijayalakshmi Prakashanac2011 a366p aEducation9230754 2ddccBED c238939d238939 00104070aALbALd2025-07-29eManagement Booksg125.00l0o372.25 SHAApBED04258r2025-07-29 16:57:08v125.00w2025-07-29yBK